Optimal control of distributed parameter systems /

Salvato in:
Dettagli Bibliografici
Autori principali: Ahmed, N.U (Autore), Teo, K.L (Autore)
Natura: Libro
Lingua:inglese
Pubblicazione: New York : Elsevier
Tags: Aggiungi Tag
Nessun Tag, puoi essere il primo ad aggiungerne!!

MARC

LEADER 00000nam a22000003a 4500
001 stu8969
005 20150617225807.1
008 960425s--------xxu-----------------eng-d
040 |a STU  |b slo 
041 0 |a eng 
044 |a xxu 
080 |a 517.977.56 
100 1 |a Ahmed, N.U  |4 aut 
245 1 |a Optimal control of distributed parameter systems /  |c [aut.] Ahmed,N.U.; Teo,K.L 
260 |a New York :  |b Elsevier 
300 |a 430 s 
700 1 |a Teo, K.L  |4 aut 
996 |b E63694  |c E*63694  |l EE03  |s P  |a 0  |w stu8969_0001